<?xml version="1.0" encoding="UTF-8"?>
<record
    xmlns:xsi="http://www.w3.org/2001/XMLSchema-instance"
    xsi:schemaLocation="http://www.loc.gov/MARC21/slim http://www.loc.gov/standards/marcxml/schema/MARC21slim.xsd"
    xmlns="http://www.loc.gov/MARC21/slim">

  <leader>00649nam a22002177a 4500</leader>
  <controlfield tag="003">UA-OsUOA</controlfield>
  <controlfield tag="001"> 50069 </controlfield>
  <controlfield tag="007">ta</controlfield>
  <controlfield tag="008">20071022b un ||||| |||| 00| 0 ukr d</controlfield>
  <datafield tag="090" ind1=" " ind2=" ">
    <subfield code="a">82.09(477)(072)</subfield>
    <subfield code="b">&#x416;74</subfield>
  </datafield>
  <datafield tag="942" ind1=" " ind2=" ">
    <subfield code="c">BK</subfield>
  </datafield>
  <datafield tag="040" ind1=" " ind2=" ">
    <subfield code="a">UA-OsUOA</subfield>
    <subfield code="b">ukr</subfield>
    <subfield code="c">UA-OsUOA</subfield>
    <subfield code="d">UA-OsUOA</subfield>
  </datafield>
  <datafield tag="245" ind1=" " ind2=" ">
    <subfield code="a">&#x416;&#x438;&#x442;&#x442;&#x454;&#x434;&#x430;&#x439;&#x43D;&#x435; &#x441;&#x43B;&#x43E;&#x432;&#x43E; &#x406;&#x432;&#x430;&#x43D;&#x430; &#x41C;&#x430;&#x454;&#x432;&#x441;&#x44C;&#x43A;&#x43E;&#x433;&#x43E;</subfield>
    <subfield code="b">&#x41C;&#x435;&#x442;&#x43E;&#x434;&#x438;&#x447;&#x43D;&#x438;&#x439; &#x43F;&#x43E;&#x441;&#x456;&#x431;&#x43D;&#x438;&#x43A; &#x434;&#x43B;&#x44F; &#x432;&#x447;&#x438;&#x442;&#x435;&#x43B;&#x456;&#x432;</subfield>
  </datafield>
  <datafield tag="300" ind1=" " ind2=" ">
    <subfield code="a">140 &#x441;.</subfield>
  </datafield>
  <datafield tag="955" ind1=" " ind2=" ">
    <subfield code="a">2</subfield>
  </datafield>
  <datafield tag="041" ind1=" " ind2=" ">
    <subfield code="a">ukr</subfield>
  </datafield>
  <datafield tag="080" ind1=" " ind2=" ">
    <subfield code="a">82.09(477)(072)</subfield>
  </datafield>
  <datafield tag="260" ind1=" " ind2=" ">
    <subfield code="a">&#x41E;&#x441;&#x442;&#x440;&#x43E;&#x433;</subfield>
    <subfield code="c">2007</subfield>
  </datafield>
  <datafield tag="650" ind1=" " ind2="7">
    <subfield code="a">82 &#x41B;&#x456;&#x442;&#x435;&#x440;&#x430;&#x442;&#x443;&#x440;&#x430;. &#x41B;&#x456;&#x442;&#x435;&#x440;&#x430;&#x442;&#x443;&#x440;&#x43E;&#x437;&#x43D;&#x430;&#x432;&#x441;&#x442;&#x432;&#x43E;</subfield>
    <subfield code="2">UDC</subfield>
  </datafield>
  <datafield tag="999" ind1=" " ind2=" ">
    <subfield code="c">336167</subfield>
    <subfield code="d">336167</subfield>
  </datafield>
  <datafield tag="952" ind1=" " ind2=" ">
    <subfield code="0">0</subfield>
    <subfield code="1">0</subfield>
    <subfield code="2">udc</subfield>
    <subfield code="4">0</subfield>
    <subfield code="7">0</subfield>
    <subfield code="a">101</subfield>
    <subfield code="b">101</subfield>
    <subfield code="d">2007-10-22</subfield>
    <subfield code="e">176/2007</subfield>
    <subfield code="g">12.00</subfield>
    <subfield code="i">108816</subfield>
    <subfield code="l">0</subfield>
    <subfield code="o">82.09(477)(072) &#x416;74</subfield>
    <subfield code="p">108816</subfield>
    <subfield code="r">2022-02-10 00:00:00</subfield>
    <subfield code="w">2007-10-22</subfield>
    <subfield code="y">BK</subfield>
  </datafield>
  <datafield tag="952" ind1=" " ind2=" ">
    <subfield code="0">0</subfield>
    <subfield code="1">0</subfield>
    <subfield code="2">udc</subfield>
    <subfield code="4">0</subfield>
    <subfield code="7">0</subfield>
    <subfield code="a">101</subfield>
    <subfield code="b">101</subfield>
    <subfield code="d">2007-10-22</subfield>
    <subfield code="e">176/2007</subfield>
    <subfield code="g">12.00</subfield>
    <subfield code="i">108817</subfield>
    <subfield code="l">0</subfield>
    <subfield code="o">82.09(477)(072) &#x416;74</subfield>
    <subfield code="p">108817</subfield>
    <subfield code="r">2022-02-10 00:00:00</subfield>
    <subfield code="w">2007-10-22</subfield>
    <subfield code="y">BK</subfield>
  </datafield>
  <datafield tag="952" ind1=" " ind2=" ">
    <subfield code="0">0</subfield>
    <subfield code="1">0</subfield>
    <subfield code="2">udc</subfield>
    <subfield code="4">0</subfield>
    <subfield code="7">0</subfield>
    <subfield code="a">101</subfield>
    <subfield code="b">101</subfield>
    <subfield code="d">2007-10-22</subfield>
    <subfield code="e">176/2007</subfield>
    <subfield code="g">12.00</subfield>
    <subfield code="i">108818</subfield>
    <subfield code="l">0</subfield>
    <subfield code="o">82.09(477)(072) &#x416;74</subfield>
    <subfield code="p">108818</subfield>
    <subfield code="r">2022-02-10 00:00:00</subfield>
    <subfield code="w">2007-10-22</subfield>
    <subfield code="y">BK</subfield>
  </datafield>
  <datafield tag="952" ind1=" " ind2=" ">
    <subfield code="0">0</subfield>
    <subfield code="1">0</subfield>
    <subfield code="2">udc</subfield>
    <subfield code="4">0</subfield>
    <subfield code="7">0</subfield>
    <subfield code="a">101</subfield>
    <subfield code="b">101</subfield>
    <subfield code="d">2007-10-22</subfield>
    <subfield code="e">176/2007</subfield>
    <subfield code="g">12.00</subfield>
    <subfield code="i">108819</subfield>
    <subfield code="l">0</subfield>
    <subfield code="o">82.09(477)(072) &#x416;74</subfield>
    <subfield code="p">108819</subfield>
    <subfield code="r">2022-02-10 00:00:00</subfield>
    <subfield code="w">2007-10-22</subfield>
    <subfield code="y">BK</subfield>
  </datafield>
  <datafield tag="952" ind1=" " ind2=" ">
    <subfield code="0">0</subfield>
    <subfield code="1">0</subfield>
    <subfield code="2">udc</subfield>
    <subfield code="4">0</subfield>
    <subfield code="7">0</subfield>
    <subfield code="a">101</subfield>
    <subfield code="b">101</subfield>
    <subfield code="d">2007-10-22</subfield>
    <subfield code="e">176/2007</subfield>
    <subfield code="g">12.00</subfield>
    <subfield code="i">108820</subfield>
    <subfield code="l">0</subfield>
    <subfield code="o">82.09(477)(072) &#x416;74</subfield>
    <subfield code="p">108820</subfield>
    <subfield code="r">2022-02-10 00:00:00</subfield>
    <subfield code="w">2007-10-22</subfield>
    <subfield code="y">BK</subfield>
  </datafield>
  <datafield tag="952" ind1=" " ind2=" ">
    <subfield code="0">0</subfield>
    <subfield code="1">0</subfield>
    <subfield code="2">udc</subfield>
    <subfield code="4">0</subfield>
    <subfield code="7">0</subfield>
    <subfield code="a">101</subfield>
    <subfield code="b">101</subfield>
    <subfield code="d">2007-10-22</subfield>
    <subfield code="e">176/2007</subfield>
    <subfield code="g">12.00</subfield>
    <subfield code="i">108821</subfield>
    <subfield code="l">0</subfield>
    <subfield code="o">82.09(477)(072) &#x416;74</subfield>
    <subfield code="p">108821</subfield>
    <subfield code="r">2022-02-10 00:00:00</subfield>
    <subfield code="w">2007-10-22</subfield>
    <subfield code="y">BK</subfield>
  </datafield>
  <datafield tag="952" ind1=" " ind2=" ">
    <subfield code="0">0</subfield>
    <subfield code="1">0</subfield>
    <subfield code="2">udc</subfield>
    <subfield code="4">0</subfield>
    <subfield code="7">0</subfield>
    <subfield code="a">101</subfield>
    <subfield code="b">101</subfield>
    <subfield code="d">2007-10-22</subfield>
    <subfield code="e">176/2007</subfield>
    <subfield code="g">12.00</subfield>
    <subfield code="i">108822</subfield>
    <subfield code="l">0</subfield>
    <subfield code="o">82.09(477)(072) &#x416;74</subfield>
    <subfield code="p">108822</subfield>
    <subfield code="r">2022-02-10 00:00:00</subfield>
    <subfield code="w">2007-10-22</subfield>
    <subfield code="y">BK</subfield>
  </datafield>
  <datafield tag="952" ind1=" " ind2=" ">
    <subfield code="0">0</subfield>
    <subfield code="1">0</subfield>
    <subfield code="2">udc</subfield>
    <subfield code="4">0</subfield>
    <subfield code="7">0</subfield>
    <subfield code="a">101</subfield>
    <subfield code="b">101</subfield>
    <subfield code="d">2007-10-22</subfield>
    <subfield code="e">176/2007</subfield>
    <subfield code="g">12.00</subfield>
    <subfield code="i">108823</subfield>
    <subfield code="l">0</subfield>
    <subfield code="o">82.09(477)(072) &#x416;74</subfield>
    <subfield code="p">108823</subfield>
    <subfield code="r">2022-02-10 00:00:00</subfield>
    <subfield code="w">2007-10-22</subfield>
    <subfield code="y">BK</subfield>
  </datafield>
  <datafield tag="952" ind1=" " ind2=" ">
    <subfield code="0">0</subfield>
    <subfield code="1">0</subfield>
    <subfield code="2">udc</subfield>
    <subfield code="4">0</subfield>
    <subfield code="7">0</subfield>
    <subfield code="a">101</subfield>
    <subfield code="b">101</subfield>
    <subfield code="d">2007-10-22</subfield>
    <subfield code="e">176/2007</subfield>
    <subfield code="g">12.00</subfield>
    <subfield code="i">108824</subfield>
    <subfield code="l">0</subfield>
    <subfield code="o">82.09(477)(072) &#x416;74</subfield>
    <subfield code="p">108824</subfield>
    <subfield code="r">2022-02-10 00:00:00</subfield>
    <subfield code="w">2007-10-22</subfield>
    <subfield code="y">BK</subfield>
  </datafield>
  <datafield tag="952" ind1=" " ind2=" ">
    <subfield code="0">0</subfield>
    <subfield code="1">0</subfield>
    <subfield code="2">udc</subfield>
    <subfield code="4">0</subfield>
    <subfield code="7">0</subfield>
    <subfield code="a">101</subfield>
    <subfield code="b">101</subfield>
    <subfield code="d">2007-10-22</subfield>
    <subfield code="e">176/2007</subfield>
    <subfield code="g">12.00</subfield>
    <subfield code="i">108825</subfield>
    <subfield code="l">1</subfield>
    <subfield code="o">82.09(477)(072) &#x416;74</subfield>
    <subfield code="p">108825</subfield>
    <subfield code="r">2024-03-12 11:20:18</subfield>
    <subfield code="s">2024-03-05</subfield>
    <subfield code="w">2007-10-22</subfield>
    <subfield code="y">BK</subfield>
  </datafield>
  <datafield tag="952" ind1=" " ind2=" ">
    <subfield code="0">0</subfield>
    <subfield code="1">0</subfield>
    <subfield code="2">udc</subfield>
    <subfield code="4">0</subfield>
    <subfield code="7">0</subfield>
    <subfield code="a">102</subfield>
    <subfield code="b">102</subfield>
    <subfield code="d">2007-10-22</subfield>
    <subfield code="e">176/2007</subfield>
    <subfield code="g">12.00</subfield>
    <subfield code="i">108826</subfield>
    <subfield code="l">0</subfield>
    <subfield code="o">82.09(477)(072) &#x416;74</subfield>
    <subfield code="p">108826</subfield>
    <subfield code="r">2022-02-09 00:00:00</subfield>
    <subfield code="w">2007-10-22</subfield>
    <subfield code="y">BK</subfield>
  </datafield>
  <datafield tag="952" ind1=" " ind2=" ">
    <subfield code="0">0</subfield>
    <subfield code="1">0</subfield>
    <subfield code="2">udc</subfield>
    <subfield code="4">0</subfield>
    <subfield code="7">0</subfield>
    <subfield code="a">102</subfield>
    <subfield code="b">102</subfield>
    <subfield code="d">2007-10-22</subfield>
    <subfield code="e">176/2007</subfield>
    <subfield code="g">12.00</subfield>
    <subfield code="i">108827</subfield>
    <subfield code="l">0</subfield>
    <subfield code="o">82.09(477)(072) &#x416;74</subfield>
    <subfield code="p">108827</subfield>
    <subfield code="r">2022-02-09 00:00:00</subfield>
    <subfield code="w">2007-10-22</subfield>
    <subfield code="y">BK</subfield>
  </datafield>
  <datafield tag="952" ind1=" " ind2=" ">
    <subfield code="0">0</subfield>
    <subfield code="1">0</subfield>
    <subfield code="2">udc</subfield>
    <subfield code="4">0</subfield>
    <subfield code="7">0</subfield>
    <subfield code="a">102</subfield>
    <subfield code="b">102</subfield>
    <subfield code="d">2007-10-22</subfield>
    <subfield code="e">176/2007</subfield>
    <subfield code="g">12.00</subfield>
    <subfield code="i">108828</subfield>
    <subfield code="l">0</subfield>
    <subfield code="o">82.09(477)(072) &#x416;74</subfield>
    <subfield code="p">108828</subfield>
    <subfield code="r">2022-02-09 00:00:00</subfield>
    <subfield code="w">2007-10-22</subfield>
    <subfield code="y">BK</subfield>
  </datafield>
  <datafield tag="952" ind1=" " ind2=" ">
    <subfield code="0">0</subfield>
    <subfield code="1">0</subfield>
    <subfield code="2">udc</subfield>
    <subfield code="4">0</subfield>
    <subfield code="7">0</subfield>
    <subfield code="a">102</subfield>
    <subfield code="b">102</subfield>
    <subfield code="d">2007-10-22</subfield>
    <subfield code="e">176/2007</subfield>
    <subfield code="g">12.00</subfield>
    <subfield code="i">108829</subfield>
    <subfield code="l">0</subfield>
    <subfield code="o">82.09(477)(072) &#x416;74</subfield>
    <subfield code="p">108829</subfield>
    <subfield code="r">2022-02-09 00:00:00</subfield>
    <subfield code="w">2007-10-22</subfield>
    <subfield code="y">BK</subfield>
  </datafield>
  <datafield tag="952" ind1=" " ind2=" ">
    <subfield code="0">0</subfield>
    <subfield code="1">0</subfield>
    <subfield code="2">udc</subfield>
    <subfield code="4">0</subfield>
    <subfield code="7">0</subfield>
    <subfield code="a">102</subfield>
    <subfield code="b">102</subfield>
    <subfield code="d">2007-10-22</subfield>
    <subfield code="e">176/2007</subfield>
    <subfield code="g">12.00</subfield>
    <subfield code="i">108830</subfield>
    <subfield code="l">0</subfield>
    <subfield code="o">82.09(477)(072) &#x416;74</subfield>
    <subfield code="p">108830</subfield>
    <subfield code="r">2022-02-09 00:00:00</subfield>
    <subfield code="w">2007-10-22</subfield>
    <subfield code="y">BK</subfield>
  </datafield>
  <datafield tag="952" ind1=" " ind2=" ">
    <subfield code="0">0</subfield>
    <subfield code="1">0</subfield>
    <subfield code="2">udc</subfield>
    <subfield code="4">0</subfield>
    <subfield code="7">0</subfield>
    <subfield code="8">C_PASICHNYK_ID</subfield>
    <subfield code="a">102</subfield>
    <subfield code="b">102</subfield>
    <subfield code="d">2008-03-20</subfield>
    <subfield code="e">33/2008</subfield>
    <subfield code="g">5.00</subfield>
    <subfield code="i">112599</subfield>
    <subfield code="l">0</subfield>
    <subfield code="o">82.09(477)(072) &#x416;74</subfield>
    <subfield code="p">112599</subfield>
    <subfield code="r">2022-02-07 00:00:00</subfield>
    <subfield code="w">2007-10-22</subfield>
    <subfield code="y">BK</subfield>
  </datafield>
</record>
